El resurgimiento de los trovadores (Record no. 34727)

MARC details
000 -LEADER
campo de control de longitud fija 00578nam a2200169 i 4500
001 - NÚMERO DE CONTROL
campo de control 34727
003 - IDENTIFICADOR DE NÚMERO DE CONTROL
campo de control ES-MaACL
005 - FECHA Y HORA DE LA ÚLTIMA TRANSACCIÓN
campo de control 20230906155002.0
007 - CAMPO FIJO DE DESCRIPCIÓN FÍSICA--INFORMACIÓN GENERAL
campo de control de longitud fija t|
008 - DATOS DE LONGITUD FIJA--INFORMACIÓN GENERAL
campo de control de longitud fija 030207s1981 sp ||||1| spa d
100 1# - ENTRADA PRINCIPAL--NOMBRE DE PERSONA
Nombre de persona Boase, Roger.
9 (RLIN) 29638
245 13 - MENCIÓN DEL TÍTULO
Título El resurgimiento de los trovadores
Resto del título : un estudio del cambio social y el tradicionalismo en el final de la Edad Media /
Mención de responsabilidad, etc. Roger Boase ; traducción José Miguel Muro.
260 ## - PUBLICACIÓN, DISTRIBUCIÓN, ETC.
Lugar de publicación, distribución, etc. [Madrid] :
Nombre del editor, distribuidor, etc. Pegaso,
Fecha de publicación, distribución, etc. [1981]
300 ## - DESCRIPCIÓN FÍSICA
Extensión 201 p. ;
Dimensiones 22 cm.
700 1# - ENTRADA AGREGADA--NOMBRE PERSONAL
Nombre de persona Muro, José Miguel.
9 (RLIN) 84607
852 ## - LOCALIZACIÓN
Ubicación ES-MaACL
Número de control de estantería L-2001
Sublocalización o colección R.102883
Holdings
Estatus retirado Estado de pérdida Estado de daño No para préstamo Biblioteca de origen Biblioteca actual Ubicación en estantería Fecha de adquisición Fuente de adquisición Total de préstamos Signatura topográfica completa Código de barras Visto por última vez Precio de reemplazo Tipo de ítem Koha
        Biblioteca del Ateneo de Madrid Biblioteca del Ateneo de Madrid Depósito 2 17/01/2008     L-2001 1036237 23/02/2023 23/02/2023 Libro impreso